[Event "NB II. Breyer csoport"]
[Site "Torokbalint,"]
[Date "2023.10.29"]
[Round "2.12"]
[White "Kaplonyi, Andor Adam"]
[Black "Toth, Kincso"]
[Result "0-1"]
[WhiteElo "1046"]
[BlackElo "1723"]
[PlyCount "78"]
[EventDate "2023.10.08"]
[EventType "team-tourn"]
[EventRounds "9"]
[EventCountry "HUN"]
[Source "chess.hu"]
[WhiteTeam "Torokbalinti Sakk SE"]
[BlackTeam "Geniusz Tata-Naszaly"]
[WhiteTeamCountry "HUN"]
[BlackTeamCountry "HUN"]

1. e4 c5 2. Nf3 Nc6 3. d4 cxd4 4. Nxd4 g6 5. Nxc6 bxc6 6. Bc4 Bg7 7. O-O Nf6 8.
Re1 O-O 9. e5 Ne8 10. b3 d5 11. Bd3 Nc7 12. Bb2 Ne6 13. Nd2 Bb7 14. Nf3 Qb6 15.
Qd2 Rfd8 16. Rad1 a5 17. Qe3 c5 18. c4 d4 19. Qe2 Nf4 20. Qc2 Nxd3 21. Qxd3 a4
22. Ng5 h6 23. Nf3 axb3 24. axb3 Ra2 25. Re2 Bc8 26. Ra1 Bf5 27. Qd2 Rxa1+ 28.
Bxa1 Qxb3 29. Nh4 Be6 30. Qc2 Bxc4 31. Qxb3 Bxb3 32. Rb2 c4 33. Nf3 d3 34. Rd2
h5 35. Ng5 Ra8 36. Bc3 Bh6 37. f4 e6 38. Nf3 Bxf4 39. Rf2 Be3 0-1

[Event "NB II. Breyer csoport"]
[Site "Esztergom"]
[Date "2023.10.29"]
[Round "2.1"]
[White "Nemeth, Miklos"]
[Black "Szabo, Abel"]
[Result "0-1"]
[WhiteElo "2032"]
[BlackElo "2213"]
[PlyCount "34"]
[EventDate "2023.10.08"]
[EventType "team-tourn"]
[EventRounds "9"]
[EventCountry "HUN"]
[Source "chess.hu"]
[WhiteTeam "Zsambeki SBE"]
[BlackTeam "Esztergomi SC"]
[WhiteTeamCountry "HUN"]
[BlackTeamCountry "HUN"]

1. e4 c5 2. Nf3 Nc6 3. d4 cxd4 4. Nxd4 e5 5. Nb5 d6 6. N1c3 a6 7. Na3 b5 8. Nd5
Nf6 9. Bg5 Be7 10. Nxe7 Qxe7 11. Bxb5 axb5 12. Nxb5 O-O 13. Qxd6 Qb7 14. Bxf6
Qxb5 15. Rd1 Be6 16. Qd2 gxf6 17. Qh6 Qb4+ 0-1

[Event "NB II. Breyer csoport"]
[Site "Esztergom"]
[Date "2023.10.29"]
[Round "2.2"]
[White "Ress, Tamas"]
[Black "Rummel, Zsolt"]
[Result "1-0"]
[WhiteElo "2184"]
[BlackElo "2089"]
[PlyCount "77"]
[EventDate "2023.10.08"]
[EventType "team-tourn"]
[EventRounds "9"]
[EventCountry "HUN"]
[Source "chess.hu"]
[WhiteTeam "Esztergomi SC"]
[BlackTeam "Zsambeki SBE"]
[WhiteTeamCountry "HUN"]
[BlackTeamCountry "HUN"]

1. d4 d5 2. c4 e6 3. Nc3 Nf6 4. Bg5 Be7 5. e3 Nbd7 6. Qc2 a6 7. cxd5 exd5 8.
Bd3 c5 9. dxc5 Nxc5 10. Nf3 h6 11. Bh4 Qb6 12. O-O O-O 13. Bxf6 Bxf6 14. Nxd5
Qd6 15. Nxf6+ gxf6 16. Rfd1 Nxd3 17. Rxd3 Qb6 18. Nd4 Re8 19. Qd2 f5 20. Ne2
Be6 21. b3 Rac8 22. Rd1 Qc7 23. h3 Qe5 24. Nf4 Kh7 25. Rd6 Rc7 26. Qd4 Qxd4 27.
R6xd4 Kg7 28. Kf1 Rc2 29. R1d2 Rec8 30. Ke2 Rc1 31. Nxe6+ fxe6 32. Rd7+ Kf6 33.
Rxb7 Rg1 34. g3 Rc6 35. Rbd7 Ke5 36. Rf7 Rg2 37. h4 Rc1 38. Ra7 Ke4 39. Rxa6
1-0

[Event "NB II. Breyer csoport"]
[Site "Esztergom"]
[Date "2023.10.29"]
[Round "2.3"]
[White "Kecskes, Gabor"]
[Black "Balogh, Peter"]
[Result "1/2-1/2"]
[WhiteElo "2156"]
[BlackElo "2001"]
[PlyCount "30"]
[EventDate "2023.10.08"]
[EventType "team-tourn"]
[EventRounds "9"]
[EventCountry "HUN"]
[Source "chess.hu"]
[WhiteTeam "Zsambeki SBE"]
[BlackTeam "Esztergomi SC"]
[WhiteTeamCountry "HUN"]
[BlackTeamCountry "HUN"]

1. d4 d5 2. Nf3 Nc6 3. c4 Bg4 4. cxd5 Bxf3 5. dxc6 Bxc6 6. Nc3 Nf6 7. f3 e5 8.
dxe5 Nd7 9. Bf4 Qe7 10. e4 O-O-O 11. Qc2 Nxe5 12. Be2 g5 13. Be3 Bg7 14. O-O h5
15. Rac1 g4 1/2-1/2

[Event "NB II. Breyer csoport"]
[Site "Esztergom"]
[Date "2023.10.29"]
[Round "2.4"]
[White "Nemeth, Eugen"]
[Black "Emmer, Adam"]
[Result "1/2-1/2"]
[WhiteElo "2005"]
[BlackElo "1909"]
[PlyCount "23"]
[EventDate "2023.10.08"]
[EventType "team-tourn"]
[EventRounds "9"]
[EventCountry "HUN"]
[Source "chess.hu"]
[WhiteTeam "Esztergomi SC"]
[BlackTeam "Zsambeki SBE"]
[WhiteTeamCountry "HUN"]
[BlackTeamCountry "HUN"]

1. Nf3 d5 2. c4 e6 3. g3 Nf6 4. Bg2 Nbd7 5. d4 Bb4+ 6. Bd2 Bxd2+ 7. Nbxd2 O-O
8. O-O c5 9. Rc1 b6 10. Qc2 Bb7 11. Rfd1 Qe7 12. dxc5 1/2-1/2

[Event "NB II. Breyer csoport"]
[Site "Esztergom"]
[Date "2023.10.29"]
[Round "2.5"]
[White "Bitto, Zoltan"]
[Black "Kiss, Laszlo"]
[Result "1/2-1/2"]
[WhiteElo "2009"]
[BlackElo "1991"]
[PlyCount "22"]
[EventDate "2023.10.08"]
[EventType "team-tourn"]
[EventRounds "9"]
[EventCountry "HUN"]
[Source "chess.hu"]
[WhiteTeam "Zsambeki SBE"]
[BlackTeam "Esztergomi SC"]
[WhiteTeamCountry "HUN"]
[BlackTeamCountry "HUN"]

1. d4 Nf6 2. c4 c6 3. Nc3 d5 4. e3 g6 5. Nf3 Bg7 6. Bd3 O-O 7. O-O Bg4 8. h3
Bxf3 9. Qxf3 Re8 10. cxd5 cxd5 11. Bd2 Nc6 1/2-1/2

[Event "NB II. Breyer csoport"]
[Site "Esztergom"]
[Date "2023.10.29"]
[Round "2.6"]
[White "Petervari, Szabolcs"]
[Black "Nagy, Gyorgy"]
[Result "1-0"]
[WhiteElo "1972"]
[BlackElo "1803"]
[PlyCount "63"]
[EventDate "2023.10.08"]
[EventType "team-tourn"]
[EventRounds "9"]
[EventCountry "HUN"]
[Source "chess.hu"]
[WhiteTeam "Esztergomi SC"]
[BlackTeam "Zsambeki SBE"]
[WhiteTeamCountry "HUN"]
[BlackTeamCountry "HUN"]

1. c4 Nf6 2. Nc3 g6 3. d4 d5 4. Nf3 Bg7 5. cxd5 Nxd5 6. e4 Nxc3 7. bxc3 O-O 8.
Be3 c5 9. Qd2 Nc6 10. Bh6 cxd4 11. Bxg7 Kxg7 12. cxd4 Bg4 13. d5 Bxf3 14. gxf3
Ne5 15. Be2 f6 16. f4 Nf7 17. O-O Qd6 18. Rab1 Rab8 19. Bg4 Rfd8 20. Qe3 g5 21.
fxg5 fxg5 22. f4 gxf4 23. Rxf4 Ne5 24. Be6 Rf8 25. Kh1 Rxf4 26. Qxf4 Rf8 27.
Qg3+ Kh8 28. Rxb7 Qa6 29. Qxe5+ Rf6 30. Rb8+ Kg7 31. Rg8+ Kh6 32. Qg5# 1-0

[Event "NB II. Breyer csoport"]
[Site "Esztergom"]
[Date "2023.10.29"]
[Round "2.7"]
[White "Tessedik, Karoly"]
[Black "Szabo, Lajos"]
[Result "0-1"]
[WhiteElo "1797"]
[BlackElo "1999"]
[PlyCount "144"]
[EventDate "2023.10.08"]
[EventType "team-tourn"]
[EventRounds "9"]
[EventCountry "HUN"]
[Source "chess.hu"]
[WhiteTeam "Zsambeki SBE"]
[BlackTeam "Esztergomi SC"]
[WhiteTeamCountry "HUN"]
[BlackTeamCountry "HUN"]

1. c4 Nf6 2. Nc3 d6 3. g3 Nbd7 4. Bg2 g6 5. e3 Bg7 6. Nge2 O-O 7. O-O c6 8. d4
Qc7 9. b4 b6 10. a4 Bb7 11. Ba3 Rfe8 12. Rc1 Rac8 13. Qb3 Qb8 14. Rb1 Qa8 15.
Bh3 Rcd8 16. Bg2 Rc8 17. Rfc1 d5 18. cxd5 Nxd5 19. Nxd5 cxd5 20. b5 Bf8 21. Nf4
e6 22. Bxf8 Nxf8 23. Qd1 Rxc1 24. Rxc1 Rc8 25. Nd3 Nd7 26. h4 Rxc1 27. Qxc1 Qc8
28. Qxc8+ Bxc8 29. Nb4 Nb8 30. Bf1 Kf8 31. f3 Ke7 32. Kf2 h6 33. e4 Bb7 34. Ke3
g5 35. hxg5 hxg5 36. Bd3 Kd6 37. e5+ Ke7 38. f4 gxf4+ 39. gxf4 f6 40. Kf3 Bc8
41. Bf1 Bd7 42. Bh3 Be8 43. exf6+ Kxf6 44. f5 Bf7 45. Nc6 Nxc6 46. bxc6 exf5
47. Kf4 Be6 48. c7 Bc8 49. Bg2 Ke6 50. Bf3 Kd6 51. Bg2 Bd7 52. Bf3 Be6 53. Be2
Kxc7 54. Ke5 Bd7 55. Bd1 f4 56. Kxf4 Kd6 57. Ke3 Kc6 58. Be2 Kb7 59. Bd1 Ka6
60. Bb3 Bc6 61. Kd2 Ka5 62. Kc3 Bxa4 63. Bxd5 b5 64. Be6 b4+ 65. Kb2 Kb6 66.
Bf7 Kc7 67. Ba2 Kd6 68. Bc4 a5 69. Bg8 Bd7 70. Bb3 a4 71. Ba2 Be6 72. Bb1 a3+
0-1

[Event "NB II. Breyer csoport"]
[Site "Esztergom"]
[Date "2023.10.29"]
[Round "2.9"]
[White "Horvath, Csaba"]
[Black "Kovacs, Geza"]
[Result "0-1"]
[WhiteElo "1673"]
[BlackElo "1938"]
[PlyCount "40"]
[EventDate "2023.10.08"]
[EventType "team-tourn"]
[EventRounds "9"]
[EventCountry "HUN"]
[Source "chess.hu"]
[WhiteTeam "Zsambeki SBE"]
[BlackTeam "Esztergomi SC"]
[WhiteTeamCountry "HUN"]
[BlackTeamCountry "HUN"]

1. d4 e6 2. c4 d5 3. Nc3 Nf6 4. Bg5 Nbd7 5. cxd5 exd5 6. Nf3 Be7 7. g3 O-O 8.
Bg2 c6 9. O-O Re8 10. Re1 h6 11. Bxf6 Nxf6 12. Qb3 Bd6 13. Nd2 Rb8 14. e4 dxe4
15. Ncxe4 Nxe4 16. Bxe4 Be6 17. d5 Bxd5 18. Bxd5 Rxe1+ 19. Rxe1 cxd5 20. Qxd5
Bb4 0-1

[Event "NB II. Breyer csoport"]
[Site "Esztergom"]
[Date "2023.10.29"]
[Round "2.10"]
[White "Rancso, Mark"]
[Black "Szendeff, Miklos"]
[Result "1-0"]
[WhiteElo "1902"]
[BlackElo "1641"]
[PlyCount "77"]
[EventDate "2023.10.08"]
[EventType "team-tourn"]
[EventRounds "9"]
[EventCountry "HUN"]
[Source "chess.hu"]
[WhiteTeam "Esztergomi SC"]
[BlackTeam "Zsambeki SBE"]
[WhiteTeamCountry "HUN"]
[BlackTeamCountry "HUN"]

1. d4 g6 2. e4 d5 3. e5 c5 4. c3 Nc6 5. h3 Bg7 6. Nf3 e6 7. a3 c4 8. b3 b5 9.
a4 Ba6 10. axb5 Bxb5 11. Na3 a6 12. bxc4 dxc4 13. Nxc4 Bxc4 14. Bxc4 Nge7 15.
O-O a5 16. Bb5 O-O 17. Ba3 Rc8 18. Rc1 Re8 19. Qa4 Qc7 20. Nd2 Bh6 21. f4 Nd5
22. g3 g5 23. Bd6 Qb7 24. Ne4 gxf4 25. g4 f3 26. g5 Nf4 27. Rxf3 Nxd4 28. Qxd4
Qxb5 29. Nf6+ Kh8 30. Qxf4 Bxg5 31. Qxg5 Rg8 32. Qxg8+ Rxg8+ 33. Nxg8 Kxg8 34.
Rg3+ Kh8 35. Rf1 Qb6+ 36. Rf2 f5 37. exf6 Qxd6 38. Rgg2 Qf8 39. f7 1-0

[Event "NB II. Breyer csoport"]
[Site "Esztergom"]
[Date "2023.10.29"]
[Round "2.11"]
[White "Pomozi, Mate"]
[Black "Fekete, Laszlo"]
[Result "0-1"]
[WhiteElo "1302"]
[BlackElo "1827"]
[PlyCount "110"]
[EventDate "2023.10.08"]
[EventType "team-tourn"]
[EventRounds "9"]
[EventCountry "HUN"]
[Source "chess.hu"]
[WhiteTeam "Zsambeki SBE"]
[BlackTeam "Esztergomi SC"]
[WhiteTeamCountry "HUN"]
[BlackTeamCountry "HUN"]

1. e4 c5 2. Nf3 a6 3. d4 cxd4 4. Nxd4 Nf6 5. Nc3 e5 6. Nf3 Bb4 7. Nxe5 Qe7 8.
Qd4 Bc5 9. Nd5 Bxd4 10. Nxe7 Kxe7 11. Nf3 Bc5 12. e5 Ng4 13. Bg5+ f6 14. exf6+
gxf6 15. Bh4 d5 16. h3 Nh6 17. O-O-O Be6 18. g4 Nf7 19. Bg2 Nc6 20. Rhe1 Rad8
21. Ng1 Bd6 22. Bxd5 Bf4+ 23. Kb1 Nfe5 24. Bxe6 Rxd1+ 25. Rxd1 Kxe6 26. a3 Ng6
27. Nf3 Rd8 28. Re1+ Kf7 29. Re4 Rd7 30. g5 Rd1+ 31. Ka2 f5 32. Re2 Rh1 33. Bg3
Bxg3 34. fxg3 Rxh3 35. Rg2 f4 36. Rh2 Rxh2 37. Nxh2 fxg3 38. Nf3 Nce5 39. Ng1
Nh4 40. Kb3 Ke6 41. Kb4 Nhf3 42. Ne2 Nxg5 43. Nxg3 Kd5 44. Ne2 Nc6+ 45. Kc3
Ne4+ 46. Kd3 Ne5+ 47. Ke3 Nc4+ 48. Kf3 Nxb2 49. Nf4+ Ke5 50. Ne2 Nc4 51. a4 Nb6
52. Nf4 Nxa4 53. Nd3+ Kd4 54. Nf4 Nac5 55. Ne2+ Kc4 0-1

[Event "NB II. Breyer csoport"]
[Site "Esztergom"]
[Date "2023.10.29"]
[Round "2.12"]
[White "Skrlyik, Timea"]
[Black "Balogh, Fulop"]
[Result "1-0"]
[WhiteElo "1282"]
[BlackElo "1139"]
[PlyCount "59"]
[EventDate "2023.10.08"]
[EventType "team-tourn"]
[EventRounds "9"]
[EventCountry "HUN"]
[Source "chess.hu"]
[WhiteTeam "Esztergomi SC"]
[BlackTeam "Zsambeki SBE"]
[WhiteTeamCountry "HUN"]
[BlackTeamCountry "HUN"]

1. e4 c5 2. c4 Nc6 3. Nc3 Nf6 4. g3 e5 5. Bg2 g6 6. Nge2 Bh6 7. O-O O-O 8. d3
d6 9. Bxh6 Re8 10. f4 Ng4 11. Bg5 Qd7 12. fxe5 Ncxe5 13. Nd5 b6 14. h3 Bb7 15.
Nec3 Bxd5 16. Nxd5 f5 17. hxg4 Nxg4 18. Qxg4 fxg4 19. Nf6+ Kg7 20. Nxd7 h6 21.
Bf6+ Kh7 22. e5 dxe5 23. Bxa8 Rxa8 24. Bxe5 h5 25. Rf7+ Kh6 26. Bg7+ Kg5 27. b4
h4 28. gxh4+ Kxh4 29. Kg2 Re8 30. Bf6+ 1-0

[Event "NB II. Breyer csoport"]
[Site "Budapest"]
[Date "2023.10.29"]
[Round "2.1"]
[White "Kiss, Viktor"]
[Black "Horvath, Gabor"]
[Result "0-1"]
[WhiteElo "2200"]
[BlackElo "2144"]
[PlyCount "82"]
[EventDate "2023.10.08"]
[EventType "team-tourn"]
[EventRounds "9"]
[EventCountry "HUN"]
[Source "chess.hu"]
[WhiteTeam "Fehervar SE"]
[BlackTeam "Varosgazda Akademia"]
[WhiteTeamCountry "HUN"]
[BlackTeamCountry "HUN"]

1. e4 c5 2. Nf3 Nc6 3. Bb5 e6 4. c3 Nge7 5. d4 cxd4 6. cxd4 d5 7. e5 Bd7 8. Nc3
Qb6 9. Be3 Nf5 10. O-O Be7 11. Bd3 Nxe3 12. fxe3 O-O-O 13. a3 f6 14. exf6 gxf6
15. b4 Kb8 16. Rc1 Rc8 17. Na4 Qd8 18. Nc5 Bd6 19. Bb5 Rg8 20. Qa4 Qe8 21. Rf2
Bxc5 22. bxc5 e5 23. dxe5 fxe5 24. Qh4 h5 25. h3 e4 26. Ng5 Qg6 27. Qf4+ Ka8
28. h4 a6 29. Ba4 Rgf8 30. Qxf8 Rxf8 31. Rxf8+ Ka7 32. Rcf1 d4 33. R1f6 Qg7 34.
R8f7 Qh8 35. exd4 e3 36. Kf1 Qe8 37. Bxc6 Bxc6 38. Ne6 Bb5+ 39. Ke1 Bc4 40. d5
Qb5 41. Rxb7+ Qxb7 0-1

[Event "NB II. Breyer csoport"]
[Site "Budapest"]
[Date "2023.10.29"]
[Round "2.2"]
[White "Botlik, Bela"]
[Black "Papagorasz, Takisz"]
[Result "1/2-1/2"]
[WhiteElo "1975"]
[BlackElo "2127"]
[PlyCount "69"]
[EventDate "2023.10.08"]
[EventType "team-tourn"]
[EventRounds "9"]
[EventCountry "HUN"]
[Source "chess.hu"]
[WhiteTeam "Varosgazda Akademia"]
[BlackTeam "Fehervar SE"]
[WhiteTeamCountry "HUN"]
[BlackTeamCountry "HUN"]

1. d4 Nf6 2. Nc3 d5 3. Bf4 e6 4. Nb5 Na6 5. a3 c6 6. Nc3 Bd6 7. e3 Bxf4 8. exf4
Qd6 9. Qd2 b5 10. Nf3 O-O 11. Ne5 Rb8 12. Bd3 b4 13. axb4 Nxb4 14. Rxa7 Nxd3+
15. Nxd3 Ne4 16. Qe3 Nxc3 17. bxc3 Rb1+ 18. Nc1 Qb8 19. Ra2 Qb6 20. O-O Ba6 21.
Re1 Bc4 22. Nb3 Rxe1+ 23. Qxe1 Bxb3 24. Qb1 Qc7 25. cxb3 Qxf4 26. Ra7 g6 27. g3
Qb8 28. Qa2 e5 29. Ra6 exd4 30. cxd4 Qb4 31. Qa4 Qe1+ 32. Kg2 Qe4+ 33. Kg1 Qe1+
34. Kg2 Qe4+ 35. Kg1 1/2-1/2

[Event "NB II. Breyer csoport"]
[Site "Budapest"]
[Date "2023.10.29"]
[Round "2.4"]
[White "Rozsnyai, Tibor"]
[Black "Szabo, Lorinc"]
[Result "1/2-1/2"]
[WhiteElo "1975"]
[BlackElo "2050"]
[PlyCount "29"]
[EventDate "2023.10.08"]
[EventType "team-tourn"]
[EventRounds "9"]
[EventCountry "HUN"]
[Source "chess.hu"]
[WhiteTeam "Varosgazda Akademia"]
[BlackTeam "Fehervar SE"]
[WhiteTeamCountry "HUN"]
[BlackTeamCountry "HUN"]

1. c4 Nf6 2. Nc3 g6 3. g3 Bg7 4. Bg2 e5 5. Nf3 d6 6. d3 O-O 7. O-O Nc6 8. Bg5
h6 9. Bxf6 Bxf6 10. Qd2 Bg7 11. Rac1 Be6 12. e3 f5 13. Ne1 Qd7 14. Nd5 Rae8 15.
Nc2 1/2-1/2

[Event "NB II. Breyer csoport"]
[Site "Budapest"]
[Date "2023.10.29"]
[Round "2.5"]
[White "Fellegi, Zoltan"]
[Black "Magyar, Erik Ferenc"]
[Result "1/2-1/2"]
[WhiteElo "2000"]
[BlackElo "1793"]
[PlyCount "107"]
[EventDate "2023.10.08"]
[EventType "team-tourn"]
[EventRounds "9"]
[EventCountry "HUN"]
[Source "chess.hu"]
[WhiteTeam "Fehervar SE"]
[BlackTeam "Varosgazda Akademia"]
[WhiteTeamCountry "HUN"]
[BlackTeamCountry "HUN"]

1. e4 e5 2. Nf3 Nc6 3. Bb5 a6 4. Ba4 Nf6 5. O-O b5 6. Bb3 Be7 7. Re1 d6 8. h3
O-O 9. c3 Na5 10. Bc2 c5 11. d4 Qc7 12. d5 Nc4 13. b3 Nb6 14. Nbd2 c4 15. Bb2
b4 16. Nxc4 Nxc4 17. bxc4 bxc3 18. Bxc3 Qxc4 19. Qd2 Bd7 20. Bb3 Qb5 21. Rab1
Rfc8 22. Ba5 Bd8 23. Bb4 Ne8 24. Bc2 Qb6 25. Bd3 Rab8 26. Ba3 Qa5 27. Qxa5 Bxa5
28. Rxb8 Rxb8 29. Rc1 Bc7 30. Nd2 Bb5 31. Bxb5 axb5 32. Bb4 f6 33. Nb3 Kf7 34.
Kf1 Ke7 35. Ke2 Kd7 36. Kd3 Bb6 37. Rf1 Nc7 38. f4 Na6 39. Bc3 Ke7 40. fxe5
fxe5 41. a3 Bc5 42. Na5 Rf8 43. Nc6+ Ke8 44. Rxf8+ Kxf8 45. Bb4 Bxb4 46. axb4
h5 47. Ke3 Ke8 48. g4 hxg4 49. hxg4 g5 50. Kd3 Kd7 51. Kc3 Nc7 52. Na7 Kd8 53.
Kd3 Kd7 54. Ke3 1/2-1/2

[Event "NB II. Breyer csoport"]
[Site "Budapest"]
[Date "2023.10.29"]
[Round "2.6"]
[White "Salamon, Laszlo"]
[Black "Fehervari, Istvan"]
[Result "1-0"]
[WhiteElo "1780"]
[BlackElo "1935"]
[PlyCount "81"]
[EventDate "2023.10.08"]
[EventType "team-tourn"]
[EventRounds "9"]
[EventCountry "HUN"]
[Source "chess.hu"]
[WhiteTeam "Varosgazda Akademia"]
[BlackTeam "Fehervar SE"]
[WhiteTeamCountry "HUN"]
[BlackTeamCountry "HUN"]

1. e4 e5 2. Nf3 Nc6 3. d4 exd4 4. Bc4 Nf6 5. e5 d5 6. Bb5 Ne4 7. Nxd4 Bd7 8.
Bxc6 bxc6 9. O-O Be7 10. f3 Nc5 11. Be3 O-O 12. c3 Re8 13. f4 Ne4 14. Nd2 c5
15. N4b3 Bb5 16. Rf3 Bd3 17. Nxe4 dxe4 18. Rh3 g6 19. Bxc5 Qd5 20. Bxe7 Rxe7
21. Qg4 Rf8 22. Rxh7 Rxe5 23. Rh4 Rh5 24. Re1 Rxh4 25. Qxh4 Kg7 26. Qg5 f5 27.
Nd4 Rf6 28. h4 c5 29. Nb3 Bc4 30. h5 Re6 31. hxg6 Rxg6 32. Qe7+ Kh6 33. Qxc5
Bxb3 34. Qf8+ Kh7 35. axb3 Qd2 36. Qf7+ Rg7 37. Qxf5+ Kh6 38. Qh3+ Kg6 39. Rxe4
Qd1+ 40. Kh2 Qd5 41. Re6+ 1-0

[Event "NB II. Breyer csoport"]
[Site "Budapest"]
[Date "2023.10.29"]
[Round "2.7"]
[White "Rabi-Nagy, Daniel"]
[Black "Sandor, Jozsef"]
[Result "1/2-1/2"]
[WhiteElo "1726"]
[BlackElo "1794"]
[PlyCount "41"]
[EventDate "2023.10.08"]
[EventType "team-tourn"]
[EventRounds "9"]
[EventCountry "HUN"]
[Source "chess.hu"]
[WhiteTeam "Fehervar SE"]
[BlackTeam "Varosgazda Akademia"]
[WhiteTeamCountry "HUN"]
[BlackTeamCountry "HUN"]

1. e4 d6 2. d4 e5 3. dxe5 dxe5 4. Qxd8+ Kxd8 5. Bc4 Be6 6. Bxe6 fxe6 7. Be3 Nf6
8. f3 Nbd7 9. Nc3 c6 10. Nge2 Kc7 11. O-O-O Bc5 12. Bxc5 Nxc5 13. Rd2 Rad8 14.
Rhd1 Rxd2 15. Rxd2 Rd8 16. Rxd8 Kxd8 17. Kd2 Ke7 18. Nc1 g6 19. Nd3 Nfd7 20. a3
Kd6 21. g3 1/2-1/2

[Event "NB II. Breyer csoport"]
[Site "Budapest"]
[Date "2023.10.29"]
[Round "2.8"]
[White "Berla, Zoltan Mate"]
[Black "Kerekes, Laszlo Fulop"]
[Result "0-1"]
[WhiteElo "1516"]
[BlackElo "1615"]
[PlyCount "92"]
[EventDate "2023.10.08"]
[EventType "team-tourn"]
[EventRounds "9"]
[EventCountry "HUN"]
[Source "chess.hu"]
[WhiteTeam "Varosgazda Akademia"]
[BlackTeam "Fehervar SE"]
[WhiteTeamCountry "HUN"]
[BlackTeamCountry "HUN"]

1. b3 e5 2. Bb2 Nc6 3. e3 Nf6 4. Bb5 d6 5. d4 Bd7 6. dxe5 Nxe5 7. Bxd7+ Qxd7 8.
Nf3 Qf5 9. Nbd2 O-O-O 10. O-O g5 11. Nd4 Qg6 12. Nc4 h5 13. f3 h4 14. Qe2 g4
15. f4 Nxc4 16. bxc4 Bg7 17. Qd3 Nd7 18. Qa3 a6 19. Rab1 Qe4 20. Qd3 Nc5 21.
Qxe4 Nxe4 22. Rfd1 Rde8 23. Nf5 Bc3 24. Rd3 Bxb2 25. Rxb2 b6 26. a4 Nc5 27. Ra3
Re4 28. a5 bxa5 29. Rxa5 Rxc4 30. Nd4 Re8 31. Kf2 Rc3 32. Nf5 Kd7 33. Rba2 Ne4+
34. Ke1 Nc5 35. R5a3 Rxa3 36. Rxa3 h3 37. g3 Re6 38. Kd2 d5 39. Ra5 Ne4+ 40.
Ke1 c5 41. Ra4 Rf6 42. Ng7 Nxg3 43. c4 d4 44. exd4 Rxf4 45. Rxa6 Rf1+ 46. Kd2
cxd4 0-1

[Event "NB II. Breyer csoport"]
[Site "Budapest"]
[Date "2023.10.29"]
[Round "2.9"]
[White "Fekete, Csaba"]
[Black "Papp, Bence"]
[Result "0-1"]
[WhiteElo "1453"]
[BlackElo "1500"]
[PlyCount "76"]
[EventDate "2023.10.08"]
[EventType "team-tourn"]
[EventRounds "9"]
[EventCountry "HUN"]
[Source "chess.hu"]
[WhiteTeam "Fehervar SE"]
[BlackTeam "Varosgazda Akademia"]
[WhiteTeamCountry "HUN"]
[BlackTeamCountry "HUN"]

1. e4 d6 2. d4 Nf6 3. Nc3 g6 4. Nf3 Bg7 5. Bc4 O-O 6. O-O c6 7. Bb3 Nbd7 8. Re1
e5 9. dxe5 Nxe5 10. Nxe5 dxe5 11. Bg5 b5 12. h3 b4 13. Na4 Qe7 14. Qf3 Be6 15.
Be3 Nd7 16. Bxe6 Qxe6 17. Nc5 Nxc5 18. Bxc5 Rfb8 19. Qe3 a5 20. b3 Rd8 21. Rad1
f5 22. Rxd8+ Rxd8 23. Bb6 Ra8 24. exf5 gxf5 25. Qc5 Qd5 26. Qxd5+ cxd5 27. Bc7
e4 28. Re2 Ra7 29. Bb6 Ra6 30. Bc7 a4 31. g3 axb3 32. axb3 Rc6 33. Bf4 Bc3 34.
Bd2 d4 35. Kf1 d3 36. cxd3 exd3 37. Re8+ Kf7 38. Bxc3 bxc3 0-1

[Event "NB II. Breyer csoport"]
[Site "Budapest"]
[Date "2023.10.29"]
[Round "2.10"]
[White "Li, Changxing"]
[Black "Palinkas, Ervin"]
[Result "1/2-1/2"]
[WhiteElo "1512"]
[BlackElo "1480"]
[PlyCount "48"]
[EventDate "2023.10.08"]
[EventType "team-tourn"]
[EventRounds "9"]
[EventCountry "HUN"]
[Source "chess.hu"]
[WhiteTeam "Varosgazda Akademia"]
[BlackTeam "Fehervar SE"]
[WhiteTeamCountry "HUN"]
[BlackTeamCountry "HUN"]

1. e4 d6 2. d4 Nf6 3. Nc3 g6 4. Be3 Bg7 5. f3 Nbd7 6. Qd2 O-O 7. O-O-O e5 8.
Nge2 exd4 9. Nxd4 a6 10. Bh6 Ne5 11. h4 Bd7 12. Be2 b5 13. Bxg7 Kxg7 14. g4 Rh8
15. h5 Qe7 16. Rdf1 Rae8 17. Qd1 c5 18. Nb3 b4 19. Nb1 Be6 20. g5 Nfd7 21. f4
Nc6 22. N1d2 d5 23. exd5 Bxd5 24. Bf3 Bxf3 1/2-1/2

[Event "NB II. Breyer csoport"]
[Site "Budapest"]
[Date "2023.10.29"]
[Round "2.11"]
[White "Barna, Tamas"]
[Black "Ma, Guangxianzhao"]
[Result "0-1"]
[WhiteElo "1438"]
[BlackElo "1202"]
[PlyCount "46"]
[EventDate "2023.10.08"]
[EventType "team-tourn"]
[EventRounds "9"]
[EventCountry "HUN"]
[Source "chess.hu"]
[WhiteTeam "Fehervar SE"]
[BlackTeam "Varosgazda Akademia"]
[WhiteTeamCountry "HUN"]
[BlackTeamCountry "HUN"]

1. d4 d5 2. Bf4 Nf6 3. e3 c5 4. Nf3 Nc6 5. Nbd2 e6 6. c3 cxd4 7. cxd4 Bd6 8.
Bb5 Bxf4 9. exf4 Bd7 10. O-O O-O 11. a3 a6 12. Bd3 Rc8 13. Qb3 b5 14. Rac1 Qb6
15. Rc5 Nxd4 16. Rxc8 Nxb3 17. Rxf8+ Kxf8 18. Nxb3 b4 19. Nbd4 Ne4 20. Nc2 b3
21. Ne3 Bb5 22. Ne5 f6 23. Bxe4 fxe5 0-1

[Event "NB II. Breyer csoport"]
[Site "Budapest"]
[Date "2023.10.29"]
[Round "2.1"]
[White "Berta, Sandor"]
[Black "Farkas, Richard"]
[Result "1/2-1/2"]
[WhiteElo "2014"]
[BlackElo "2260"]
[PlyCount "41"]
[EventDate "2023.10.08"]
[EventType "team-tourn"]
[EventRounds "9"]
[EventCountry "HUN"]
[Source "chess.hu"]
[WhiteTeam "MTK Budapest II."]
[BlackTeam "Barcza - BEAC I."]
[WhiteTeamCountry "HUN"]
[BlackTeamCountry "HUN"]

1. g3 c5 2. Bg2 Nc6 3. Nf3 g6 4. O-O Bg7 5. c4 e6 6. Nc3 Nge7 7. d3 O-O 8. Rb1
b6 9. Bd2 Bb7 10. a3 a5 11. Nb5 d5 12. Qc1 d4 13. b4 axb4 14. axb4 Nxb4 15.
Bxb4 cxb4 16. Rxb4 e5 17. Qb2 Qd7 18. Na3 Nc8 19. c5 Bxf3 20. Bxf3 bxc5 21.
Bxa8 1/2-1/2

[Event "NB II. Breyer csoport"]
[Site "Budapest"]
[Date "2023.10.29"]
[Round "2.2"]
[White "Horvath, Andras"]
[Black "Thierry, Edvard"]
[Result "1-0"]
[WhiteElo "2252"]
[BlackElo "1824"]
[PlyCount "49"]
[EventDate "2023.10.08"]
[EventType "team-tourn"]
[EventRounds "9"]
[EventCountry "HUN"]
[Source "chess.hu"]
[WhiteTeam "Barcza - BEAC I."]
[BlackTeam "MTK Budapest II."]
[WhiteTeamCountry "HUN"]
[BlackTeamCountry "HUN"]

1. d4 Nf6 2. c4 g6 3. Nf3 d6 4. g3 Bg7 5. Bg2 Nbd7 6. O-O O-O 7. Nc3 e5 8. e4
Ne8 9. Re1 a5 10. Bg5 Nef6 11. Qd2 c6 12. Rad1 Qc7 13. h3 Re8 14. Qc2 b5 15.
dxe5 dxe5 16. cxb5 cxb5 17. Qd2 b4 18. Nb5 Qb6 19. Nd6 Re6 20. Be3 Qxd6 21.
Qxd6 Rxd6 22. Rxd6 Nxe4 23. Nd2 Nxd2 24. Bxa8 Nc4 25. Bd5 1-0